000 01008nam a2200313 a 4500
001 34785
003 BD-RjUL
005 20211209052218.0
008 140519s1980 enk b 001 0 eng d
020 _a0710003633
020 _a0710003641 (pbk.)
035 _a0710003641
035 _a(BD-RjUL)34879
040 _aDLC
_cDLC
_beng
_dBD-RjUL
041 _aeng
082 _a305.230941
_bBRS 1980
100 1 _aBrake, Mike.
_9105876
245 1 4 _aThe sociology of youth culture and youth subcultures :
_bsex and drugs and rock 'n' roll? /
_cMike Brake
260 _aLondon :
_bRoutledge & Kegan Paul,
_c1980.
300 _aviii, 204 p. ;
_c24 cm
500 _aOriginally presented as the author's thesis
504 _aIncludes index and Bibliography: p. 179-199
650 0 _aYouth
_zGreat Britain
_xHistory
_y20th century
_9105877
650 0 _aYouth
_zUnited States
_xHistory
_y20th century
_9105878
650 0 _aSubculture
_9105879
942 _2ddc
_cBK
999 _c34785
_d34785